00730nam a2200181 a 4500008004100000020001800041050001600059100001800075245008400093250001200177260005300189300001600242350000900258650003200267995010000299999001700399952013200416081202s2007 ||||||||||||||||| || u a9781904456636 aHF 1413 Bla aBlack, Maggie14aThe no-nonsense guide to international development. -- 2nd ed.cby Maggie Black a2nd ed. aOxford:bNew Internationalist Publicationsc2007 a152p.: ill. a0.00 0aAFRICA--ECONOMIC CONDITIONS FCBU-MAIN LIBRARY (Kitwe)I0.00M1UAVAILABLEWMar 14, 2013ZMain Library Open Access Collection c52293d52293 00102lcc4070a001b001cMain Library Open Access Collectiond2022-11-30l0oHF 1413 Blap739279r2022-11-30w2022-11-30y002